Normal view
MARC view
- 1- NUCLEAR INDUSTRY
Entry Topical Term
001 - CONTROL NUMBER
- control field: 63705
003 - CONTROL NUMBER IDENTIFIER
- control field: NUST
005 - DATE AND TIME OF LATEST TRANSACTION
- control field: 20210628203148.0
008 - FIXED-LENGTH DATA ELEMENTS
- fixed length control field: 210628|| aca||aabn | a|a d
040 ## - CATALOGING SOURCE
- Original cataloging agency: NUST
- Transcribing agency: NUST
150 ## - HEADING--TOPICAL TERM
- Topical term or geographic name entry element: 1- NUCLEAR INDUSTRY
670 ## - SOURCE DATA FOUND
- Source citation: Work cat.: (NUST): Herbst, Alan M , Hopley, George W 63704, Nuclear energy now , why the time has come for the worlds most misunderstood energy source, 2007
